500 questions sur le cinéma - Statistiques

Statistiques générales
  • Ce quiz a été pris 471 fois
    364 depuis la dernière actualisation
  • Le résultat moyen est 160 sur 500
Statistiques - réponses
Question Réponse % Correct
Quelle partie du corps de Pinocchio s'allonge si il ment ? Le nez
95%
Citez un film de Tim Burton dans lequel Johnny Depp joue. Edward aux mains d'argent / Ed Wood / Sleepy Hollow - La Légende du cavalier sans tête / Charlie et la Chocolaterie / Les Noces funèbres / Sweeney Todd - Le Diabolique Barbier de Fleet Street / Alice au pays des merveilles / Dark Shadows
90%
Combien de films la saga Mission impossible compte elle ? 7
84%
Dans quel pays se passe Astérix & Obélix - Mission Cléopâtre ? En Égypte
82%
Citez un acteur qui incarne Jules César dans un film Astérix ? Gottfried John / Alain Chabat / Alain Delon / Fabrice Luchini / Vincent Cassel
80%
De quel film provient cette musique : Vois sur ton chemin ? Les Choristes
80%
Donnez le nom d'un film Pixar qui a reçu l'Oscar du meilleur film d'animation ? Le Monde de Nemo / Les Indestructibles / Ratatouille / WALL-E / Là-haut / Toy Story 3 / Rebelle / Vice-versa / Coco / Toy Story 4 / Soul
79%
Combien de films la saga Maman j'ai raté l'avion compte elle ? 4
75%
Quel est la couleur d'une des deux pilules que le personnage principal de Matrix doit choisir ? Bleue / Rouge
75%
Comment s'appelle l'équidé qui accompagne Shrek ? L'Âne
74%
Quel est l'objet que Gollum considère comme son précieux ? L'Anneau unique
74%
Qui est le réalisateur de Jurassic Park, La Liste de Schindler ou Les Dents de la mer ? Steven Spielberg
74%
Tu ne tueras ____ point
73%
Dans quelle ville se déroule Ratatouille ? Paris
72%
Combien de films la saga Avengers compte elle ? 4
71%
Quel est l'objet fétiche de Mary Poppins ? Un Parapluie
71%
Combien d'horcruxes Voldemort a t-il fait ? 7
70%
Dans quel pays se déroule Slumdog Millionaire ? En Inde
69%
Qui interprète le rôle de Driss dans Intouchables ? Omar Sy
69%
Combien y a-t-il de films dans la saga Matrix ? 4
68%
Nommez un acteur qui incarne James Bond ? Barry Nelson / Sean Connery / David Niven / George Lazenby / Roger Moore / Timothy Dalton / Pierce Brosnan / Daniel Craig
68%
Comment s'appelle la chouette d'Harry Potter ? Hedwige
68%
Citez un film où Ryan Gosling et Emma Stone jouent ensemble. Crazy, Stupid, Love / Gangster Squad / La La Land
67%
Dans combien de films de Scorsese, Robert de Niro a t-il un rôle ? 10
66%
Citez un membre de la Communauté de l'Anneau. Gandalf / Légolas / Gimli / Aragorn / Boromir / Frodon / Sam / Merry / Pippin
65%
Dans quel pays se passe Coco ? Mexique
65%
À quelle heure la magie prend fin dans Cendrillon ? Minuit
65%
Quel est le nom de Iron Man ? Tony Stark
65%
Combien de films, la saga La Planète des Singes compte elle ? 10
64%
Combien y a-t-il de films dans la saga Taxi ? 5
64%
Un indien dans la ____ ville
64%
Combien de Sarah Connor sont tuées dans Terminator 1 ? 2
63%
Combien y a-t-il de films dans la saga SOS Fantomes ? 5
63%
Quel est le prénom du garçon à qui appartiennent les jouets dans le film Toy Story ? Andy
63%
Donnez un film dont le nom d'un personnage est François Pignon. L'Emmerdeur / Les Compères / Les Fugitifs / Le Dîner de cons / Le Placard / La Doublure
63%
De quel film provient cette réplique : “C'est OKKKKKKKK !” ? Les visiteurs
63%
Donnez le nom d'un acteur qui incarne Spiderman ? Nicholas Hammond / Tobey Maguire / Andrew Garfield / Tom Holland
63%
Combien de films Superman Christopher Reeve a t-il fait ? 4
62%
Comment s'appelle la voiture principal dans Cars ? Flash McQueen
62%
Quel est le seul acteur français à avoir gagné l'Oscar du meilleur acteur ? Jean Dujardin
62%
Quel est le nom du biopic sur Edith Piaf ? La Môme
62%
Sur combien de jours se déroule le Festival de Cannes ? 12 jours
61%
Qui interprète Amélie Poulain ? Audrey Tautou
61%
Qui est le réalisateur de Oppenheimer, Interstellar ou Dunkerque ? Christopher Nolan
60%
Dans quel Disney peut-on entendre la chanson Libérée,Délivrée ? La Reine des Neiges
60%
Qui interprète Barbie dans le film qui porte le même nom ? Margot Robbie
60%
Dans quel pays se déroule Apocalypse Now ? Au Vietnam
59%
Quelle chanson a remporté l'Oscar de la meilleure chanson originale pour sa présence dans le film Titanic ? My Heart Will Go On
59%
En quelle année est sorti Oppenheimer ? 2023
58%
Combien de films, la saga L'Arme Fatale compte elle ? 4
58%
Donnez un film réalisé par Alain Chabat. Didier / Astérix et Obélix : Mission Cléopâtre / RRRrrrr!!! / Sur la piste du Marsupilami / Santa et Cie
58%
Quel est le nom du tueur en série dans Les Griffes de la nuit ? Freddy Krueger
58%
Qu'est ce que Edward à d'argent ? Les mains
58%
Donnez le nom d'un film OSS 117. OSS 117 : Le Caire, nid d'espions / OSS 117 : Rio ne répond plus / OSS 117 : Alerte rouge en Afrique noire
58%
Quel film a permis à Léonardo DiCaprio de remporter l'Oscar du meilleur acteur ? The Revenant
58%
American History _ X
58%
Citez un acteur qui interprète Astérix ? Christian Clavier / Clovis Cornillac / Édouard Baer / Guillaume Canet
57%
Quel instrument joue Andrew Neiman dans Whiplash ? De la Batterie
57%
Donnez le nom d'un film de Hayao Miyazaki qui a reçu l'Oscar du meilleur film d'animation ? Le Voyage de Chihiro / Le Garçon et le Héron
57%
Combien y a-t-il de films dans la saga Camping ? 3
56%
Les Temps ____ modernes
56%
Quel acteur est devenu président des États-Unis ? Ronald Reagan
56%
Donnez le nom d'un film Star Wars. Star Wars, épisode I : La Menace fantôme / Star Wars, épisode II : L'Attaque des clones / Star Wars, épisode III : La Revanche des Sith / Star Wars, épisode IV : Un nouvel espoir / Star Wars, épisode V : L'Empire contre-attaque / Star Wars, épisode VI : Le Retour du Jedi / Star Wars, épisode VII : Le Réveil de la Force / Star Wars, épisode VIII : Les Derniers Jedi / Star Wars, épisode IX : L'Ascension de Skywalker / Rogue One: A Star Wars Story / Solo: A Star Wars Story / Star Wars: The Clone Wars
56%
Quelle est la couleur de la voiture de Travis Bickle ? Jaune
55%
Quel animal est le symbole de la MGM ? Un lion
55%
Donnez le nom d'un dès cinq derniers James Bond sorti ? Casino Royale / Quantum of Solace / Skyfall / 007 Spectre / Mourir peut attendre
54%
Quelle voiture permet de remonter le temps dans Retour vers le Futur ? La DeLorean DMC-12
54%
Y a-t-il un lien de parenté entre Marty Mcfly et Doc ? Non
54%
Qui est le réalisateur de Gladiator, Blade Runner ou Alien, le huitième passager ? Ridley Scott
54%
Je verrai toujours vos ____ visages
54%
Qui est le méchant de la saga Harry Potter ? Voldemort
54%
Citez un film de Christopher Nolan où Michael Caine joue un rôle. Batman Begins / Le Prestige / The Dark Knight : Le Chevalier noir / Inception / The Dark Knight Rises / Interstellar / Dunkerque / Tenet
53%
Comment se nomme le biopic sur Freddie Mercury et Queen ? Bohemian Rhapsody
53%
De quel film provient cette réplique : " Il s'appelle Juste LeBlanc." ? Le Dîner de cons
53%
Dans quel Star Wars la réplique "Je suis ton père" est elle prononcée ? L'Empire contre-attaque
53%
Quel est le nom du rat cuisinier dans Ratatouille ? Rémy
53%
Qui est l'oncle de Simba ? Scar
53%
Donnez le nom d'un film qui a permis à Marlon Brando d'avoir un Oscar. Sur les quais / Le Parrain
53%
Rencontres du ______ types troisième
53%
Quel animal est Babe, le____ devenu berger ? Cochon
52%
Donnez le nom d'un membre des Inconnus. Didier Bourdon / Bernard Campan / Pascal Légitimus
52%
Quel film d'animation Pixar se passe dans la tête d'un petite fille ? Vice-Versa
52%
Citez un des 5 films français qui a le mieux marché en France. Bienvenue chez les Ch'tis / Intouchables / La Grande Vadrouille / Astérix et Obélix : Mission Cléopâtre / Les Visiteurs
51%
Quel acteur incarne Tyler Durden ? Brad Pitt
51%
Requiem for a ____ Dream
51%
Qui a réalisé La Haine, Les Rivières pourpres et Gothika ? Mathieu Kassovitz
51%
Donnez le nom d'un acteur qui incarne Willy Wonka ? Gene Wilder / Johnny Depp / Timothée Chalamet
50%
Dans quel pays est né Lino Ventura ? Italie
49%
Qui est le réalisateur de Titanic, Avatar ou Terminator 2 ? James Cameron
49%
Dans quel Disney peut-on entendre la musique Je Voudrais Déjà être Roi ? Le Roi Lion
49%
Quel est le nom français de JAWS ? Les Dents de la mer
49%
Quel est le pays qui produit le plus de film par an ? L'Inde
49%
De quel film provient cette réplique : “Sssplendide !” ? The Mask
49%
Quel animal est King Kong ? Un Gorille
49%
Combien y-a t-il de films Star Wars (en comptant les films dérivés)? 12
48%
En quelle année est sorti Once Upon a Time… in Hollywood ? 2019
48%
Combien y a-t-il de films dans la saga Die Hard ? 5
48%
Combien y a-t-il de Gemmes de l'infini ? 6
48%
Quel est la personne que Chaplin imite dans Le Dictateur ? Adolf Hitler
48%
Citez un film qui a remporté 11 Oscars ? Ben Hur / Titanic / Le Seigneur des anneaux : Le Retour du roi
48%
Quel est le nom du biopic sur Elvis Presley ? Elvis
48%
Dans quel pays se déroule Invictus ? En Afrique du Sud
48%
Comment s'appelle le méchant dans la Belle et la Bête ? Gaston
48%
Citez un acteur qui interprète Obélix ? Gérard Depardieu / Gilles Lellouche
48%
Qui interprète Katniss Everdeen dans la saga Hunger Games ? Jennifer Lawrence
48%
Quel monstre vert déteste Noël ? Le Grinch
48%
Qui a réalisé Nikita, Léon ou Subway ? Luc Besson
48%
Qui interprète Dieu dans Bruce Tout Puissant ? Morgan Freeman
48%
Quel est le nom du lapin gris, ami de Bambi ? Panpan
48%
De quel film provient cette réplique : "Je vois des gens qui sont morts" ? Sixième Sens
48%
Sur quelle planète Luke Skywalker a-t-il grandit ? Tatooine
48%
Donnez le nom d'un film Avengers. Avengers / Avengers : L'Ère d'Ultron / Avengers: Infinity War / Avengers: Endgame
47%
Quels sont les objets qui permettent à la maison de s'envoler dans Là-Haut ? Des ballons
47%
De quelle couleur sont les Minions ? Jaune
47%
Quel acteur incarne Nelson Mandela dans Invictus ? Morgan Freeman
47%
Dans quel fruit Blanche-Neige va t-elle croquer ? Une pomme
47%
Comment s'appelle une scène qui apparait après le générique de fin ? Une scène post-générique
47%
Quel est le nom français de Singin' in the Rain ? Chantons sous la pluie
46%
Dans quel pays se passe Parasite ? En Corée du Sud
46%
Donnez le nom d'un film qui a permis à Gérard Depardieu d'avoir un César. Le Dernier Métro / Cyrano de Bergerac
46%
Quel film d'animation de Disney a rapporté le plus d'argent ? Le Roi Lion
46%
Qui est la méchante dans La Belle au bois dormant ? Maléfique
46%
Qui est l'héros de la saga Matrix ? Neo
46%
Quel animal en or est la récompense pour le meilleur film lors du Festival de Berlin ? Un Ours
46%
Quel est le prénom de l'ours ami de Mowgli ? Baloo
45%
Quel est le nom de l'Autobot qui se transforme en Chevrolet Camaro ? Bumblebee
45%
Quel acteur incarne Harry Potter dans les 8 films de la Saga ? Daniel Radcliffe
45%
Quel studio d'animation a produit Shrek, Kung Fu Panda ou Dragons ? DreamWorks Animation
45%
Qui est la sœur d'Anna dans La Reine des neiges ? Elsa
45%
Quel est le nom du vaisseau de Han Solo ? Le Faucon Millenium
45%
Quel est le nom français de Home Alone ? Maman, j'ai raté l'avion !
45%
Dans quelle ville se déroule Birdman ? New York
45%
Qui est le chef des Autobot ? Optimus Prime
45%
Sur quelle planète vivent les Na'Vi ? Pandora
45%
De quel film provient cette réplique : “Voici vos noms: Mr. Brown, Mr. White, Mr. Blonde, Mr. Blue, Mr. Orange et Mr. Pink. - Hey ! Pourquoi c'est moi Mr Pink ? - Parce que t'es qu'une pédale, voila pourquoi !” ? Reservoir Dogs
45%
Comment s'appelle l'écureuil qui n'arrive jamais à manger son gland dans l'Âge de Glace ? Scrat
45%
Qui a réalisé The Grand Budapest Hotel, Fantastic Mr. Fox et Moonrise Kingdom ? Wes Anderson
45%
Combien y a-t-il de films dans la saga du Gendarme ? 6
44%
Qui interprète Thor au cinéma ? Chris Hemsworth
44%
Dans quel pays se déroule Le Bossu de Notre-Dame ? En France
44%
Quel acteur incarne Indiana Jones ? Harrison Ford
44%
Dans quelle ville se déroule Coup de foudre à Notting Hill ? Londres
44%
Qui interprète Ethan Hunt ? Tom Cruise
44%
De quel dessin animé provient cette réplique : "Vers l'infini et au-delà !" ? Toy Story
44%
Quelle partie du corps humain est la chose dans la Famille Addams ? Une main
44%
Combien y-a t-il de films Rocky ? 6
43%
Quel surfer vient de Nice ? Brice
43%
Quel est le nom de Batman ? Bruce Wayne
43%
Donnez le nom d'un acteur qui incarne Hulk au cinéma ? Edward Norton / Eric Bana / Mark Ruffalo
43%
Qui a composé les musiques pour Interstellar, Gladiator ou Le Roi lion ? Hans Zimmer
43%
Qui interprète Wolverine au cinéma ? Hugh Jackman
43%
Qui est considéré comme le "maître" des Western spaghetti ? Sergio Leone
43%
Quel est le film qui retrace la vie de Zuckerberg et la création de Facebook ? The Social Network
43%
De quel film provient cette réplique : "Ah ! Et au cas où on ne se reverrait pas, une bonne soirée et une excellente nuit !" ? The Truman Show
43%
Quel est le premier long métrage de Pixar ? Toy Story
43%
Quel est le numéro du juré qui vote non coupable au début de Douze Hommes en colère ? 8
42%
Qui interprète la Reine Rouge Alice au pays des merveilles de Tim Burton ? Helena Bonham Carter
42%
Shutter ____ Island
42%
Citez un film où Joe Pesci et Robert de Niro jouent ensemble. Les Affranchis / Casino / Raging Bull / Il était une fois le Bronx / Il était une fois en Amérique / The Irishman / Raisons d’État
42%
De quel film provient cette réplique : "I'll be back" ? Terminator
42%
De quelle couleur est Shrek ? Vert
42%
De quel film provient cette réplique : "La vie, c'est comme une boîte de chocolats : on ne sait jamais sur quoi on va tomber" ? Forrest Gump
41%
Qui incarne Nick Fury au cinéma ? Samuel L. Jackson
41%
Durant quelle guerre se passe Il faut sauver le soldat Ryan ? Seconde Guerre mondiale
41%
Quel animal annonce la fin de l'hiver dans Un jour sans fin ? Une marmotte
41%
Donnez le nom d'un film qui a permis a Jack Nicholson de gagner un Oscar ? Vol au-dessus d'un nid de coucou / Tendres Passions / Pour le pire et pour le meilleur
41%
Combien y-a t-il de films avec l'Inspecteur Harry Callahan ? 5
40%
Qui interprète Amelia Brand dans Interstellar ? Anne Hathaway
40%
De quelle couleur est le masque de Fantômas ? Bleu
40%
Qui a réalisé Le Mépris, Pierrot le Fou ou À bout de souffle ? Jean-Luc Godard
40%
Quel acteur interprète Joël dans Eternal Sunshine of the Spotless Mind ? Jim Carrey
40%
Qui a fait la musique de Jurassic Park, Les Dents de la mer et Star Wars ? John Williams
40%
Donnez le prénom d'un des quatre enfants biologiques de Vito Corleone dans le Parrain. Santino / Frederico / Michael / Constanzia
40%
Donnez le nom d'un des membres des Cinq cyclones dans Kung Fu Panda ? Tigresse / Grue / Singe / Mante / Vipère
40%
Qu'est-ce qui "trompe énormément" ? Un éléphant
40%
De quel film provient cette réplique : "Ça farte" ? Brice de Nice
39%
Quelle est la voiture que l'on voit le plus dans les films James Bond ? L'Aston Martin DB5
39%
Quelle actrice incarne Mathilda dans Léon ? Natalie Portman
39%
Quel est le nom de Spider-man ? Peter Parker
39%
Qui a réalisé Barry Lyndon, Full Metal Jacket ou Les Sentiers de la gloire ? Stanley Kubrick
39%
Quel studio japonais a notamment produit le Voyage de Chihiro, Mon Voisin Totoro ou Princesse Mononoké ? Studio Ghibli
39%
Qui est le personnage principal de Scarface ? Tony Montana
39%
Quel est le dernier animal en vie sur la barque avec Pi dans l'Odyssée de Pi ? Un tigre
39%
Qui fait la voix anglaise, française ou russe de Groot ? Vin Diesel
39%
De quel film provient cette réplique : “J'adore l'odeur du napalm au petit matin” ? Apocalypse Now
38%
Dans quel pays se déroule Le Tombeau des lucioles ? Au Japon
38%
Dans quel pays se passe Orange Mécanique ? Au Royaume-Uni
38%
Quel est le premier long métrage de Disney ? Blanche-Neige et les Sept Nains
38%
Comment s'appelle le droïde couleur or, ami de R2-D2 ? C-3PO
38%
De quel film provient cette réplique : "Alors, on n’attend pas Patrick ?" Camping
38%
____ avec les loups Danse
38%
Dans quel pays se passe Good Bye, Lenin ! ? En Allemagne
38%
Quel est le nom du biopic sur Frida Kahlo? Frida
38%
Qui est le héros de Pirates des Caraïbes ? Jack Sparrow
38%
Dans quel film Alain Chabat et Gérard Darmon dansent la Carioca ? La Cité de la peur
38%
Comment s'appelle le biopic sur Ray Charles ? Ray
38%
Qui est le réalisateur de Retour vers le Futur, Forrest Gump ou Seul au Monde ? Robert Zemeckis
38%
Quel est le grand méchant du Seigneur des Anneaux ? Sauron
38%
Quel est le film qui a fait le plus d'entrées en France ? Titanic
38%
Quel acteur incarne Satan dans L'Associé du diable ? Al Pacino
37%
Quelle actrice incarne Vivian Ward dans Pretty Woman ? Julia Roberts
37%
E.T. téléphone ___ maison
37%
Comment s'appelle un Jedi qui a rejoint le côté obscur ? Un Sith
37%
Donnez le nom d'un des trois films Pixar qui ont rapportés le plus au box office. Vice-versa 2 / Les Indestructibles 2 / Toy Story 4
37%
Citez un acteur qui a interprété le Superman au cinéma. George Reeves / Christopher Reeve / Brandon Routh / Henry Cavill
36%
Comment se nomme le biopic sur Elton John ? Rocketman
36%
En quelle année est sorti Citizen Kane ? 1941
35%
En quelle année est sorti Jurassic Park ? 1993
35%
Quel est le nom du bateau de Barbossa dans Pirates des Caraïbes 1 ? Black Pearl
35%
Qui est le réalisateur de Seven, Zodiac ou Fight Club ? David Fincher
35%
Donnez le nom d'un film "Indiana Jones". Les Aventuriers de l'arche perdue / Indiana Jones et le Temple maudit / Indiana Jones et la Dernière Croisade / Indiana Jones et le Royaume du crâne de cristal / Indiana Jones et le Cadran de la destinée
35%
Quel est le Jedi qui possède un sabre violet ? Mace Windu
35%
Citez un film de Wes Anderson dans lequel Bill Murray a un rôle. Rushmore / La Famille Tenenbaum / La Vie aquatique / À bord du Darjeeling Limited / Moonrise Kingdom / The Grand Budapest Hotel / The French Dispatch / Fantastic Mr. Fox / L'Île aux chiens
35%
Quel film est en parti inspiré de la vie d'Eminem ? 8 Mile
34%
Citez un film de Jean-Luc Godard dans lequel Jean-Paul Belmondo joue. À bout de souffle / Une femme est une femme / Pierrot le Fou
34%
Quel acteur interprète Hannibal Lecter dans Le Silence des Agneaux ? Anthony Hopkins
34%
Qui est l'adversaire de Rocky dans Rocky 1 et 2 ? Apollo Creed
34%
Citez un acteur qui a interprété le Joker. César Romero / Rod Navarro / Jack Nicholson / David U. Hodges / Andrew Koenig / Heath Ledger / Jared Leto / Joaquin Phoenix / Barry Keoghan
34%
Quel est le personnage de Charlie Chaplin le plus connu ? Charlot
34%
Donnez un film réalisé par Clint Eastwood qui a reçu l'Oscar du meilleur film. Impitoyable / Million Dollar Baby
34%
Quel est le symbole de Universal Pictures ? La Terre
34%
Quel est le personnage principal des films Halloween ? Michael Myers
34%
De quel saga est issu Hubert Bonisseur de La Bath ? OSS 117
34%
Quel acteur joue Sherlock Holmes dans les films de Guy Ritchie ? Robert Downey Jr.
34%
Comment s'appelle le ballon de volley dans Seul au monde ? Wilson
34%
En quelle année est sorti le premier Star Wars ? 1977
33%
En quelle année est sorti The Dark Knight : Le Chevalier noir ? 2008
33%
Donnez le nom d'un membre de la troupe du Splendid. Christian Clavier / Michel Blanc / Gérard Jugnot / Thierry Lhermitte / Josiane Balasko / Marie-Anne Chazel / Bruno Moynot
33%
Citez une actrice française qui a gagné l'Oscar de la meilleure actrice. Claudette Colbert / Simone Signoret / Marion Cotillard
33%
Quel est le nom du biopic sur Jackie Kennedy ? Jackie
33%
Donnez le nom d'un ennemi de Spiderman qui apparait dans la trilogie de Sam Raimi ? Le Bouffon Vert / Venom / L'Homme-Sable / Octopus
33%
Quel groupe d'humoristes a écrit la Cité de la peur ? Les Nuls
33%
Quel est le nom du gendarme que incarne Louis de Funes dans Le Gendarme de Saint-Tropez ? Ludovic Cruchot
33%
Qui interprète Will Hunting dans le film qui porte le même nom ? Matt Damon
33%
Qui a reçu l'Oscar du meilleur acteur après son interprétation de Maximus ? Russell Crowe
33%
Quel animal Vito Corleone a sur ses genoux au début du Parrain ? Un chat
33%
Quel animal est Rocket dans les Gardiens de la Galaxie ? Un raton laveur
33%
Dans quel pays se passe Mad Max ? En Australie
32%
Dans quel pays se passe Le Dernier Empereur ? En Chine
32%
Quel est le film où Coluche et Louis de Funes partagent l'affiche ? L'Aile ou la cuisse
32%
Quel guerrier Wookiee est l'acolyte de Han Solo ? Chewbacca
31%
Qui partage l'affiche avec Heath Ledger dans Le Secret de Brokeback Mountain ? Jake Gyllenhaal
31%
Qui interprète John Wick ? Keanu Reeves
31%
De quel film provient cette réplique : "J'ai dégusté son foie avec des fèves au beurre, et un excellent chianti." ? Le Silence des agneaux
31%
Dans quelle ville se déroule Pulp Fiction ? Los Angeles
31%
Quel objet est noir pour le Grand Blond ? Une chaussure
31%
Quel est le plus gros succès du box-office en France en 2024 ? Un p'tit truc en plus
31%
Quel film a Patrick Bateman comme personnage principal ? American Psycho
30%
Qui interprète Gollum ou César dans la Planete des Singes ? Andy Serkis
30%
Quel est le plus gros succès du Box office mondial ? Avatar
30%
Qui interprète Chris Kyle, le tireur d'élite américain ? Bradley Cooper
30%
Quel est le nom de Superman ? Clark Kent
30%
_____ Brasco Donnie
30%
Qui est l'héroine dans la Saga Alien ? Ellen Ripley
30%
De quel film provient cette réplique : “Pas de bras, pas de chocolat” ? Intouchables
30%
Citez un film de Jean-Marie Poiré où Christian Clavier joue un rôle. Le Père Noël est une ordure / Papy fait de la résistance / Twist again à Moscou / Mes meilleurs copains / L'Opération Corned-Beef / Les Visiteurs / Les Anges Gardiens / Les Visiteurs II : Les Couloirs du Temps / Les Visiteurs en Amérique / Les Visiteurs III : La Terreur
30%
Qui incarne le colonel Kurtz dans Apocalypse Now ? Marlon Brando
30%
Quel animal se transforme en humain dans Didier ? Un chien
30%
Quel animal est Flipper ? Un Dauphin
30%
Quel animal du nom de Willy faut-il sauver ? Une Orque
30%
De quelle couleur est le visage de la méchante sorcière de l'Ouest ? Vert
30%
Combien de films la saga Taken compte elle ? 3
29%
Combien de personnes font parties du Détachement International des Vipères Assassines ? (Sans compter Bill) 6
29%
Dans quel Pixar peut-on entendre les musiques Real Gone, Life Is a Highway ou Sh-Boom ? Cars
29%
Donnez le nom d'un des réalisateurs d'Harry Potter. Chris Columbus / Alfonso Cuarón / Mike Newell / David Yates
29%
Qui incarne l'homme sans nom dans la trilogie du Dollar ? Clint Eastwood
29%
De quel film provient cette réplique : " On laisse pas bébé dans un coin." ? Dirty Dancing
29%
____ sur cour Fenêtre
29%
Quelle est la marque de la Gran Torino ? Ford
29%
Qui a réalisé Amadeus, Vol au-dessus d'un nid de coucou et Man on the Moon ? Miloš Forman
29%
Dans quelle ville se déroule Rocky ? Philadelphie
29%
Qui est l'auteur des livres Shining, Ça ou La Ligne verte ? Stephen King
29%
De quel instrument joue Don Shirley dans Green Book : Sur les routes du Sud ? Du piano
28%
Dans quel pays se passe La Folie des grandeurs ? En Espagne
28%
Quelle actrice est devenue princesse de Monaco ? Grace Kelly
28%
Donnez le nom d'un des deux films d'Yves Robert inspiré des Souvenirs d'enfance de Marcel Pagnol. La Gloire de mon père / Le Château de ma mère
28%
De quel film provient cette réplique : "Si j'aurais su, j'aurais pas venu." ? La Guerre des boutons
28%
De quel film provient cette réplique : "Tu vois, le monde se divise en deux catégories: ceux qui ont un pistolet chargé et ceux qui creusent. Toi tu creuses." ? Le Bon, la Brute et le Truand
28%
De quel film provient cette réplique : "Ô Capitaine ! Mon Capitaine !" ? Le Cercle des poètes disparus
28%
Comment s'appelle le cinéma Nigérian ? Le Nollywood
28%
De quel film provient cette réplique : "Je ne vous jette pas la pierre, Pierre" ? Le père Noël est une ordure
28%
Citez un film de la troupe du Splendid ? Les Bronzés / Les Bronzés font du ski / Le père Noël est une ordure / Papy fait de la résistance / Les Bronzés 3 : Amis pour la vie
28%
Qui a réalisé Heat, Le Dernier des Mohicans et Collatéral ? Michael Mann
28%
Donnez le nom d'un film Pirates des Caraïbes. Pirates des Caraïbes : La Malédiction du Black Pearl / Pirates des Caraïbes : Le Secret du coffre maudit / Pirates des Caraïbes : Jusqu'au bout du monde / Pirates des Caraïbes : La Fontaine de jouvence / Pirates des Caraïbes : La Vengeance de Salazar
28%
Donnez le nom d'un film de Tarantino dans lequel Tim Roth joue. Reservoir Dogs / Pulp Fiction / Groom Service / Les Huit Salopards
28%
Qui a réalisé Mommy, Illusions perdues et J'ai tué ma mère ? Xavier Dolan
28%
Combien de films Fantômas, André Hunebelle a- t-il réalisé ? 3
27%
Donnez le nom d'un des quatre personnages principaux de Madagascar ? Alex / Melman / Marty / Gloria
27%
Qui est Le Maître du Suspense ? Alfred Hitchcock
27%
Donnez le nom d'un des deux acteurs qui partagent l'affiche du Prestige ? Christian Bale / Hugh Jackman
27%
Comment s'appelle la copine de Wall-E ? EVE
27%
Qui interprète Don Camillo ? Fernandel
27%
Citez un film de Gérard Oury dans lequel Louis de Funès joue. Le Corniaud / La Grande Vadrouille / La Folie des grandeur / Les Aventures de Rabbi Jacob
27%
Citez un film de Francis Ford Coppola dans lequel Robert Duvall joue un rôle. Les Gens de la pluie / Le Parrain / Conversation secrète / Le Parrain, 2e partie / Apocalypse Now
27%
Qui interprète M. Gustave dans The Grand Budapest Hotel ? Ralph Fiennes
27%
Quelle actrice incarne la princesse Leia dans presque tous les films ? Carrie Fisher
26%
De quel film provient cette réplique : “Mon vélo, mes chaussures... et puis quoi maintenant ?” ? La Grande Vadrouille
26%
De quel film provient cette réplique : "You talkin' to me?" Taxi Driver
26%
Dans quel pays se déroule La Cité de Dieu ? Au Brésil
25%
Qui a réalisé Parasite ? Bong Joon-ho
25%
Dans quelle ville se déroule Les Incorruptibles ? Chicago
25%
Comment s'appelle la parodie de James Bond avec Rowan Atkinson comme personnage principal ? Johnny English
25%
Quel monstre est le méchant d'Alien ? Le Xénomorphe
25%
Quel est le premier film exporté à l'international de Damien Chazelle ? Whiplash
25%
En quelle année est sorti Nosferatu le vampire ? 1922
24%
Qui interprète Saroumane ? Christopher Lee
24%
Quel est le nom du supercalculateur qui essaye de tuer tous les astronautes dans 2001, l'Odysée de l'Espace ? HAL 9000
24%
Donnez le nom d'un film qui a permis à Dustin Hoffman d'avoir un Oscar. Kramer contre Kramer / Rain Man
24%
Quelle maladie a Michael J. Fox ? La maladie de Parkinson
24%
Citez un film où Catherine Deneuve et Gérard Depardieu jouent ensemble. Le Dernier Métro / Je vous aime / Le Choix des armes / Fort Saganne / Drôle d'endroit pour une rencontre / Les Cent et une nuits de Simon Cinéma / Les Temps qui changent / Potiche / Astérix et Obélix: Au service de sa majesté / Bonne Pomme
24%
De quel film provient cette réplique : “Vous avez de la pâte ? Vous avez du suque ? Avec la pâte, vous faites une crêpe et vous mettez du sucre dessus !” ? Les bronzés font du ski
24%
Donnez le nom d'un film qui a permis à Sean Penn de gagner un Oscar ? Mystic River / Harvey Milk
24%
Qui est le réalisateur de Les Sept Samouraïs, Rashōmon ou Ran ? Akira Kurosawa
23%
Quel sport pratique le Dude et ses compagnons dans The Big Lebowski ? Du Bowling
23%
Qui a réalisé Les Évadés, La Ligne verte et The Majestic ? Frank Darabont
23%
Quel est le nom du tueur en série dans Scream ? Ghostface
23%
Qui interprète Vincent dans Nos jours heureux ? Jean-Paul Rouve
23%
Quel est le film de Mel Gibson qui retrace les 12 dernières heures de la vie du Christ ? La Passion du Christ
23%
Quel objet permet aux personnages de la Nuit au Musée de prendre vie ? La Tablette d'Ahkmenrah
23%
Citez un film où Pierre Richard et Gérard Depardieu jouent ensemble. Les Compères / La Chèvre / Les Fugitifs / Umami
23%
Quel est le nom du père de Némo ? Marin
23%
Donnez le nom d'un acteur qui incarne Max Rockatansky ? Mel Gibson / Tom Hardy / Jacob Tomuri
23%
Donnez le nom d'un film qui a permis à Daniel Day-Lewis de remporter un Oscar ? My Left Foot / There Will Be Blood / Lincoln
23%
Qui fait le génie dans le remake d'Aladdin ? Will Smith
23%
En quelle année est sorti La Boum ? 1980
22%
Dans quel pays se passe Mommy ? Au Canada
22%
Quel est le surnom du soldat qui abat le sergent Hartman dans Full Metal Jacket ? Baleine
22%
Qui a réalisé Philadelphia, Le Silence des agneaux et Stop Making Sense ? Jonathan Demme
22%
Qui interprète Amon Goeth dans la La Liste de Schindler ? Ralph Fiennes
22%
Quel race de chien est Beethoven ? Un saint-bernard
22%
Qui a composé les musiques pour Il était une fois en Amérique, Les Incorruptibles ou Le Bon, la Brute et le Truand ? Ennio Morricone
21%
Quel personnage se retrouve bloqué sur le télésiège dans Les Bronzés font du ski ? Jean-Claude Dusse
21%
Qui est l'héros de la saga Die Hard ? John McClane
21%
Quelle actrice interprète Elizabeth Bennet dans Orgueil et Préjugés ? Keira Knightley
21%
Quel film a Miranda Priestly comme personnage ? Le Diable s'habille en Prada
21%
Quel est le nom du dragon que Bilbo rencontre dans le Hobbit ? Smaug
21%
Quel est le premier long métrage de Jean-Luc Godard ? À bout de souffle
20%
Donnez le nom d'un des trois derniers films de James Dean ? À l’est d’Éden / La Fureur de vivre / Géant
20%
Quel acteur interprète principalement le personnage de T-800 ? Arnold Schwarzenegger
20%
Citez le prénom d'un requin dans Le Monde de Nemo ? Bruce / Enclume / Chumy
20%
Qui joue le colonel Hans Landa ? Christoph Waltz
20%
Quel studio d'animation a produit Les Minions, Tous en scène ou Super Mario Bros., le film ? Illumination
20%
Qui a réalisé Le Fabuleux Destin d'Amélie Poulain, Un long dimanche de fiançailles ou Alien, la résurrection ? Jean-Pierre Jeunet
20%
Donnez le nom d'un film qui a permis à Meryl Streep de gagner un Oscar. Kramer contre Kramer / Le Choix de Sophie / La Dame de fer
20%
Donnez le nom d'un des trois chatons dans Les Aristochats ? Marie / Toulouse / Berlioz
20%
Quel est le premier film réalisé par Quentin Tarantino ? Reservoir Dogs
20%
En quelle année se déroule la première cérémonie des Oscars ? 1929
19%
En quelle année est sorti le premier film King Kong ? 1933
19%
Quel acteur a rempoté le César du meilleur acteur en 2022 et en 2023 ? Benoît Magimel
19%
Qui est le ministre de la Justice de Paris dans le Bossu de Notre-Dame ? Claude Frollo
19%
Qui a réalisé Blade Runner 2049, Prisoners et Incendies ? Denis Villeneuve
19%
Quel est le meilleur film de tous les temps selon les spectateurs sur Allo Ciné? Forrest Gump
19%
Qui interprète Fantômas dans les films avec Louis de Funès ? Jean Marais
19%
Quel est le plus vieux festival de cinéma du monde ? La Mostra de Venise
19%
Citez un film de John Sturges dans lequel Steve McQueen a un rôle ? La Proie des vautours / Les Sept Mercenaires / La Grande Évasion
19%
Quelle actrice a été nommée 17 fois pour l'Oscar de la meilleure actrice ? Meryl Streep
19%
De quel film provient cette réplique : "- Pierre ! -Présent !!!" ? RRRrrrr !!!
19%
En quelle année s'est déroulé la première cérémonie des César? 1976
18%
À quel jeu doit jouer le chevalier Antonius Blok face à la mort dans le Septième Sceau ? Aux échecs
18%
Quel studio d'animation a produit L'Âge de glace, Robots ou Rio ? Blue Sky Studios
18%
De quelle vile viennent les Tuche ? Bouzolles
18%
Comment s'appelle le fils Jack et Wendy Torrance ? Danny
18%
Brice vient de Nice mais d'où vient Igor ? d'Hossegor
18%
Quel frère de Michael Corleone a essayé de le tuer ? Fredo Corleone
18%
Qui interprète la Denrée dans La Soupe aux choux ? Jacques Villeret
18%
Quel est le pays avec le plus d'écrans de cinéma ? La Chine
18%
Quel film raconte les derniers jours de la vie d'Hitler ? La chute
18%
Quel est le surnom de Rocky Balboa ? L'Étalon italien
18%
Qui interprète Neil Armstrong dans First Man: Le Premier Homme sur la Lune ? Ryan Gosling
18%
En quelle année est sorti Psycho ? 1960
17%
Dans quelle ville se déroule Good Bye, Lenin! ? Berlin
17%
Qui a réalisé La Fureur du dragon ? Bruce Lee
17%
Quel acteur incarne Georges VI dans Le Discours d'un Roi ? Colin Firth
17%
Quel est le nom du biopic sur Alan Turing ? Imitation Game
17%
De quel film provient cette réplique : "Les cons, ça ose tout. C'est même à ça qu'on les reconnaît." ? Les Tontons flingueurs
17%
Qui a réalisé The Artist, Coupez ! et OSS 117 ? Michel Hazanavicius
17%
Qui interprète Sam Wheat dans Ghost ? Patrick Swayze
17%
Donnez un film d'Alfred Hitchcock dans lequel Cary Grant a un rôle. Soupçons / Les Enchaînés / La Main au collet / La Mort aux trousses
17%
Quel personnage est joué par John Travolta dans Pulp Fiction ? Vincent Vega
17%
En quelle année est sorti Sueurs froides ? 1958
16%
Dans quelle ville a principalement été tourné Bienvenue chez les Ch'tis ? Bergues
16%
Donnez le nom d'une des deux familles dans La vie est un long fleuve tranquille. Groseille / Le Quesnoy
16%
Quelle est l'actrice qui a remporté le plus de César de la meilleure actrice ? Isabelle Adjani
16%
Quel film français raconte l'histoire de la bête du Gévaudan ? Le Pacte des loups
16%
Qui a réalisé Sixième Sens, Incassable et Signes ? M. Night Shyamalan
16%
Qui a réalisé Stalker, Andreï Roublev et Le Miroir ? Andreï Tarkovski
15%
Qui a réalisé Carrie au bal du diable, Les incorruptibles et L'Impasse ? Brian De Palma
15%
Quelle est la première règle du Fight Club ? Il est interdit de parler du Fight Club
15%
Qui a réalisé Le Samouraï, L'Armée des ombres et Le Deuxième Souffle ? Jean-Pierre Melville
15%
Quel est le nom du personnage que Uma Thurman interprète dans Pulp Fiction ? Mia Wallace
15%
Qui a réalisé Citizen Kane, Le Troisième Homme et La Soif du mal ? Orson Welles
15%
Donnez le nom d'un des quatre frères et sœurs qui vont à Narnia ? Peter / Susan / Edmund / Lucy
15%
Qui interprète Vito Corleone dans le Parrain, 2e partie ? Robert De Niro
15%
Qui interprète Charlie Cappa dans Mean Streets ? Harvey Keitel
14%
Quelle voiture réelle est l'héroine d'une saga Disney ? La Coccinelle
14%
Quel est le surnom du tueur dans Massacre à la tronçonneuse ? Leatherface
14%
Quel est le nom français de Carlito's Way ? L'Impasse
14%
Qui a réalisé Préparez vos mouchoirs, Les Valseuses ou Trop belle pour toi ? Bertrand Blier
13%
Qui incarne Judah Ben-Hur dans le Ben-Hur de 1959 ? Charlton Heston
13%
Qui a réalisé La vie est belle, New York-Miami et Monsieur Smith au Sénat ? Frank Capra
13%
Qui est le réalisateur de La Folie des grandeurs ? Gérard Oury
13%
Donnez le nom d'un film qui a permis à Catherine Deneuve de gagner un César. Le Dernier Métro / Indochine
13%
Dans quel film pouvons nous entendre : "Comptine d'un autre été, l'après-midi" ? Le Fabuleux Destin d'Amélie Poulain
13%
Citez un film de d'Agnès Jaoui dans lequel Jean-Pierre Bacri a un rôle. Le Goût des autres / Comme une image / Parlez-moi de la pluie / Au bout du conte / Place publique
13%
Quel film raconte l'histoire de Jacques Mayol et de Enzo Maiorca ? Le Grand Bleu
13%
Qui interprète Thomas Edward Lawrence dans Lawrence d'Arabie ? Peter O'Toole
13%
Qui a réalisé The Truman Show, Le Cercle des poètes disparus et Witness ? Peter Weir
13%
Quelle actrice incarne Bridget Jones ? Renée Zellweger
13%
Quel acteur italien a gagné l'Oscar du meilleur acteur en 1999 ? Roberto Benigni
13%
Qui a réalisé L'Homme qui murmurait à l'oreille des chevaux ? Robert Redford
13%
Donnez le prénom de Laurel ou de Hardy. Stan / Oliver
13%
Qui incarne Norman Bates dans Psycho ? Anthony Perkins
12%
Qui actrice incarne le personnage de Camille dans le Mépris ? Brigitte Bardot
12%
Quel est le remake américain de La Famille Bélier ? Coda
12%
Quel est le genre cinématographique du Festival international d'Annecy ? Le film d'animation
12%
Dans quel film pouvons nous entendre la musique "Push It to the Limit" ? Scarface
12%
Quel est le nom du biopic sur Simone Veil ? Simone, le voyage du siècle
12%
En quelle année est sorti Les Lumières de la ville ? 1931
11%
Qui a réalisé La dolce vita, Huit et demi et Les Nuits de Cabiria ? Federico Fellini
11%
Qui joue Churchill dans Les Heures sombres ? Gary Oldman
11%
Donnez le nom d'une des deux actrices principales de Thelma et Louise. Geena Davis / Susan Sarandon
11%
Qui est le tueur en série de la saga Vendredi 13 ? Jason Voorhees
11%
Quel film français a pour acteurs principaux Jean Gabin, Lino Ventura et Alain Delon ? Le Clan des Siciliens
11%
Qui a réalisé "L'Arrivée d'un train en gare de La Ciotat" ? Les Frères Lumière
11%
Quel dinosaure est mis en avant dans Jurassic Park 3 ? Le Spinosaure
11%
Qui interprète Ron Woodroof dans Dallas Buyers Club ? Matthew McConaughey
11%
Comment s'appelle le personnage que Louise Fletcher interprète dans Vol au-dessus d'un nid de coucou ? Mildred Ratched
11%
Quel est le genre cinématographique du Festival international de l'Alpe d'Huez ? Comédie
10%
Dans quel pays se passe Le vent se lève ? En Irlande
10%
Quel est le méchant de Piège de Cristal ? Hans Gruber
10%
Qui partage l'affiche avec Jean-Paul Belmondo dans Un singe en hiver ? Jean Gabin
10%
Qui est le réalisateur qui a remporté quatre Oscars du meilleur réalisateur ? John Ford
10%
Donnez un film dont le nom d'un personnage est François Perrin. Le Grand Blond avec une chaussure noire / Le Retour du Grand Blond / On aura tout vu / Le Jouet / Coup de tête / Cause toujours... tu m'intéresses ! / La Chèvre / Le Jaguar
10%
Quel est l'acteur qui a remporté le plus de fois le césar du meilleur acteur ? Michel Serrault
10%
Qui est le réalisateur de Autant en emporte le vent, Docteur Jekyll et M. Hyde et Le Magicien d'Oz ? Victor Fleming
10%
Quel film sur la guerre au Vietnam est notamment connu pour les scènes de roulette russe ? Voyage au bout de l'enfer
10%
Donnez le nom d'un film qui a permis à Daniel Auteuil de gagner un César. Jean de Florette / Manon des sources / La Fille sur le pont
9%
Qui interprète Dorothy Gale dans Le Magicien d'Oz ? Judy Garland
9%
Dans quelle ville se passe Terminator 1 ? Los Angeles
9%
De quel film provient cette réplique : "You Fucked My Wife?" Raging Bull
9%
Qui incarne Bernadette Chirac dans Bernadette ? Catherine Deneuve
8%
Qui a reçu le titre non officiel de plus mauvais réalisateur de tous les temps ? Ed Wood
8%
De quel film provient cette réplique : “Elle est moche, elle est gentille mais elle est moche. Alors que toi t'es moche, puis t'es con” Les Trois Frères
8%
Quel est le nom du biopic sur Jacques-Yves Cousteau ? L'Odyssée
8%
Quel est la phrase de la famille de Montmirail ? Que trépasse si je faiblis !
8%
Quel est le remake américain de La Totale ! ? True Lies
8%
Quel race de chien est Lassie ? Colley
7%
Quel est le pire film de tous les temps selon les spectateurs sur Allo Ciné ? Dragonball Evolution
7%
Quel personnage interprété par Ray Liotta dans les Affranchis a réellement existé? Henry Hill
7%
Qui incarne Michèle Leblanc dans Elle ? Isabelle Huppert
7%
Quel est le film français qui a fait le plus d'entrées dans le monde ? La Grande Vadrouille
7%
De quel film provient cette réplique : “C'était Farès ? C'est effarant !” Rabbi Jacob
7%
En quelle année a été créé le Festival de Cannes ? 1939
6%
De quel film provient cette réplique : "J'ai rencontré trois gabardines qui attendaient un train. Dans les gabardines se trouvaient trois hommes. Dans ces hommes se trouvent trois balles." ? Il était une fois dans l'ouest
6%
Quel est le dernier film de Louis de Funes ? Le Gendarme et les Gendarmettes
6%
Dans quel film pouvons nous entendre la musique Chi Mai ? Le Professionnel
6%
Quel est le modèle de la voiture dans Taxi 1 ? Peugeot 406
6%
Qui interprète Julien Dandieu dans Le Vieux Fusil ? Philippe Noiret
6%
De quel film provient cette réplique : "Tu aimes les films sur les gladiateurs?" Y a-t-il un pilote dans l'avion ?
6%
Quel film a remporté l'Oscar du meilleur film en 2000 ? American Beauty
5%
De quel film provient cette réplique : "Je préfère mourir debout, que de vivre à genoux ! " ? Braveheart
5%
Dans quel état des États-Unis se déroule le film Les Évadés ? Dans le Maine
5%
Quel est le surnom de John Merrick ? Elephant Man
5%
Dans quel immeuble se déroule Piège de Cristal ? Nakatomi Plaza
5%
Quel est le nom de la marionette de Jigsaw ? Billy
4%
Donnez le nom d'un des réalisateurs de la saga Jason Bourne. Doug Liman / Paul Greengrass / Tony Gilroy
4%
De quel film provient cette réplique : "Ça c'est mon flingue et ça c'est mon dard !" ? Full Metal Jacket
4%
Qui interprète Barbarella ? Jane Fonda
4%
Quel est le prénom de la petite fille possédée dans l'Exorciste ? Régine
4%
De quel film provient cette réplique : “On est venu, on a vu et il l'a eu dans le cul !” ? SOS Fantômes
4%
En quelle année a été créé le Festival du cinéma américain de Deauville? 1975
3%
Quel personnage est joué par Rosamund Pike dans Gone Girl ? Amy Dunne
3%
Quel film a Sam Rothstein comme personnage principal ? Casino
3%
Dans quel état des États-Unis se déroule La Ligne Verte ? En Louisiane
3%
Donnez le nom d'un film qui a permis à Katharine Hepburn de gagner un Oscar. Gloire éphèmère / Devine qui vient dîner... / Le Lion en hiver / La Maison du lac
3%
Donnez le nom d'un des trois personnages principaux de Mystic River ? Jimmy Markum / Dave Boyle / Sean Devine
3%
Qui est surnommé The Duke ? John Wayne
3%
Quel est le film où Fernandel et Bourvil partagent l'affiche ? La Cuisine au beurre
3%
Quel film est considéré comme le premier film noir ? Le Faucon maltais
3%
Quel est le film français qui a rapporté le plus d'argent ? Lucy
3%
Donnez le nom d'un chasseur de fantômes dans SOS Fantomes. Peter Venkman / Egon Spengler / Raymond Stantz
3%
Quel est le surnom du compère d'Andy Dufresne ? Red
3%
Quel réplicant déclame le monologue des larmes de la pluie ? Roy Batty
3%
Quel est l'acteur qui a gagné le plus de Razzie Awards ? Sylvester Stallone
3%
Quel humain devient Robocop ? Alex Murphy
2%
Quel est le dernier film de Jack Nicholson ? Comment savoir
2%
Donner le nom d'un des quatre gangsters qui accompagnent Verbal Kint dans Usual Suspects ? Dean Keaton / Michael McManus / Fred Fenster / Todd Hockney
2%
Comment se prénomme le personnage interprété par Jean-Paul Belmondo dans "Pierrot le fou" ? Ferdinand Griffon
2%
De quel film provient le personnage interprété par Arnold Schwarzenegger dans Last Action Héro ? Jack Slater
2%
De quel film provient cette réplique : « La seule question à te poser, c'est de savoir si c'est ton jour de chance. Alors, fumier, c'est ton jour de chance aujourd'hui ? » ? L'Inspecteur Harry
2%
Qui tient le Rick's Café Américain dans Casablanca ? Rick Blaine
2%
Quel film remporte le César du meilleur film en 2000 ? Vénus Beauté (Institut)
2%
Donnez le nom d'un film qui a permis à Spencer Tracy de remporter l'Oscar du meilleur acteur. Capitaines courageux / Des hommes sont nés
1%
Quel est le réalisateur français qui a attiré le plus de spectateurs ? Henri Verneuil
1%
Dans quelle ville se trouve le plus vieux cinéma en activité du monde ? La Ciotat
1%
Donnez le nom d'un film qui a permis à Elizabeth Taylor de remporter un Oscar. La Vénus au vison / Qui a peur de Virginia Woolf ?
1%
Quel est l'acteur qui a reçu l'Oscar du meilleur acteur à titre posthume ? Peter Finch
1%
Quel est le film français qui a fait le plus d'entrées dans le monde (hors France)? Les Quatre Charlots mousquetaires
0%
Quel est l'air que siffle le tueur dans M le Maudit ? Peer Gynt
0%
Donnez le nom d'un des 3 amis d'Alex DeLarge. Pierrot / Jo / Momo
0%
Aucun quiz correspondant
Distribution des résultats
% des personnes avec chaque résultat
Percentile par nombre de réponses
Votre historique - résultats
Vous n’avez pas pris ce quiz depuis la dernière actualisation